000 00789nam a2200241 a 4500
001 000001556
005 20220324123757.0
008 701007s1969 fr b 000 0 eng
040 _aDO-SdBNP
_bspa
_cBNPHU
082 _a415
_bC548s
100 1 _aChomsky, Noam,
_d1928-
_95111
245 1 0 _aStructures syntaxiques /
_cNoam Chomsky ; traducción Michel Braudeau.
260 _aParís :
_bDu Seuil,
_c1969.
300 _a[141] p. ;
_c21 cm.
490 1 _aSeuil
490 1 _aL' ordre philosophique.
504 _aBibliographie : p. 131-140
534 _aTítulo Original:
_tSyntactic structures
650 4 _aGramática comparada y general
_91601
650 0 _aMorfología (Gramática)
_95112
700 1 _aBraudeau, Michel,
_etr.
_95113
830 0 _aSeuil,
_pL' ordre philosophique.
_95114
999 _c1458
_d1458